Loading...
Gospel of Selfess Action or the Gita According to Gandhi
| Main Author: | |
|---|---|
| Language: | English |
| Published: |
Ahmedabad
Navajivan
1946
|
| Subjects: |
| LEADER | 00543nam a2200241 a 4500 | ||
|---|---|---|---|
| 001 | adlib96000001 | ||
| 003 | ViArRB | ||
| 005 | 20151026132940.0 | ||
| 008 | 960221s1955 dcuabcdjdbkoqu001 0deng d | ||
| 020 | |||
| 022 | |||
| 040 | |a Adlib | ||
| 082 | |a 294.51.6G G | ||
| 245 | |a Gospel of Selfess Action or the Gita According to Gandhi | ||
| 250 | |||
| 260 | |a Ahmedabad |b Navajivan |c 1946 | ||
| 300 | |||
| 500 | |a | ||
| 100 | |a Desai, Mahadev | ||
| 700 | |||
| 942 | |c BK |6 _ | ||
| 653 | |a Bhagavad Gita in Indian History | ||
| 999 | |c 60053 |d 60053 | ||